| 000 | 00475nam a2200157 i 4500 | ||
|---|---|---|---|
| 001 | 46158 | ||
| 003 | ES-MaACL | ||
| 005 | 20230906161334.0 | ||
| 007 | t| | ||
| 008 | 030328s1959 sp ||||1| spa d | ||
| 100 | 1 |
_aComa Baulenas, Pedro. _939924 |
|
| 245 | 1 | 0 |
_aProntuario de la madera _b: compaƱero del industrial / _cPedro Coma Baulenas. |
| 260 |
_aBarcelona : _bGustavo Gili, _c1959 ( _fS.A.D.A.G.) |
||
| 300 |
_a334 p. ; _c20 cm. |
||
| 852 |
_aES-MaACL _jC-16592 _bR.44227 |
||
| 999 |
_c46158 _d46158 |
||